Welcome to CU Library Online Public Access Catalogue (OPAC)

Physiology and anatomy for nurses and healthcare practitioners : (Record no. 7880)

MARC details
000 -LEADER
fixed length control field 01219cam a22003137a 4500
001 - CONTROL NUMBER
control field 16010828
005 - DATE AND TIME OF LATEST TRANSACTION
control field 20251028194803.0
008 - FIXED-LENGTH DATA ELEMENTS--GENERAL INFORMATION
fixed length control field 091207s2009 enka b 001 0 eng d
020 ## - INTERNATIONAL STANDARD BOOK NUMBER
International Standard Book Number 9780340967591
020 ## - INTERNATIONAL STANDARD BOOK NUMBER
International Standard Book Number 0340967595
050 00 - LIBRARY OF CONGRESS CALL NUMBER
Classification number QP90.4
Item number .C49 2009
082 04 - DEWEY DECIMAL CLASSIFICATION NUMBER
Classification number 612
Edition information 22
100 1# - MAIN ENTRY--PERSONAL NAME
Personal name Clancy, John,
Titles and words associated with a name PGCE.
245 10 - TITLE STATEMENT
Title Physiology and anatomy for nurses and healthcare practitioners :
Remainder of title a homeostatic approach /
Statement of responsibility, etc. John Clancy, Andrew J. McVicar
250 ## - EDITION STATEMENT
Edition statement 3rd ed.
260 ## - PUBLICATION, DISTRIBUTION, ETC.
Place of publication, distribution, etc. London :
Name of publisher, distributor, etc. Hodder Arnold,
Date of publication, distribution, etc. 2009
300 ## - PHYSICAL DESCRIPTION
Extent 724 p. :
Other physical details ill. (some col.) ;
Dimensions 28 cm
650 #0 - SUBJECT ADDED ENTRY--TOPICAL TERM
Topical term or geographic name entry element Homeostasis.
650 #0 - SUBJECT ADDED ENTRY--TOPICAL TERM
Topical term or geographic name entry element Human physiology.
650 #0 - SUBJECT ADDED ENTRY--TOPICAL TERM
Topical term or geographic name entry element Human anatomy.
650 12 - SUBJECT ADDED ENTRY--TOPICAL TERM
Topical term or geographic name entry element Physiological Phenomena
Form subdivision Nurses' Instruction.
650 22 - SUBJECT ADDED ENTRY--TOPICAL TERM
Topical term or geographic name entry element Anatomy
Form subdivision Nurses' Instruction.
650 22 - SUBJECT ADDED ENTRY--TOPICAL TERM
Topical term or geographic name entry element Homeostasis
Form subdivision Nurses' Instruction.
700 1# - ADDED ENTRY--PERSONAL NAME
Personal name McVicar, Andrew J.
856 42 - ELECTRONIC LOCATION AND ACCESS
Materials specified Publisher description
Uniform Resource Identifier <a href="http://www.loc.gov/catdir/enhancements/fy1108/2009288705-d.html">http://www.loc.gov/catdir/enhancements/fy1108/2009288705-d.html</a>
856 42 - ELECTRONIC LOCATION AND ACCESS
Materials specified Contributor biographical information
Uniform Resource Identifier <a href="http://www.loc.gov/catdir/enhancements/fy1302/2009288705-b.html">http://www.loc.gov/catdir/enhancements/fy1302/2009288705-b.html</a>
856 41 - ELECTRONIC LOCATION AND ACCESS
Materials specified Table of contents only
Uniform Resource Identifier <a href="http://www.loc.gov/catdir/enhancements/fy1305/2009288705-t.html">http://www.loc.gov/catdir/enhancements/fy1305/2009288705-t.html</a>
942 ## - ADDED ENTRY ELEMENTS (KOHA)
Source of classification or shelving scheme Library of Congress Classification
Koha item type Books
Edition 3rd ed.
Suppress in OPAC No
999 ## -
-- 7880
-- 7880
Holdings
Withdrawn status Lost status Source of classification or shelving scheme Damaged status Not for loan Collection Home library Current library Shelving location Date acquired Total checkouts Full call number Barcode Date last seen Copy number Price effective from Koha item type
    Library of Congress Classification     Non-fiction Science Library (Miotso) Science Library (Miotso) General stacks 10/28/2025   QP90.4 .C49 CLA SLM00004881 10/28/2025 1 10/28/2025 Books
    Library of Congress Classification     Non-fiction Science Library (Miotso) Science Library (Miotso) General stacks 10/28/2025   QP90.4 .C49 CLA SLM00004882 10/28/2025 2 10/28/2025 Books
    Library of Congress Classification     Non-fiction Science Library (Miotso) Science Library (Miotso) General stacks 10/28/2025   QP90.4 .C49 CLA SLM00004883 10/28/2025 3 10/28/2025 Books
    Library of Congress Classification     Non-fiction Science Library (Miotso) Science Library (Miotso) General stacks 10/28/2025   QP90.4 .C49 CLA SLM00004884 10/28/2025 4 10/28/2025 Books
    Library of Congress Classification     Non-fiction Science Library (Miotso) Science Library (Miotso) General stacks 10/28/2025   QP90.4 .C49 CLA SLM00004885 10/28/2025 5 10/28/2025 Books
© 2023-2024 Copyright: Central University Libraries. All Rights Reserved | Created by: Mahone Tech Office